Stochastičeskije differencial'nyje uravnenija i diffuzionnyje procesy
Guardado en:
| Autor principal: | |
|---|---|
| Otros Autores: | |
| Formato: | Libro |
| Lenguaje: | ruso |
| Publicado: |
Moskva
Nauka
1986
|
| Edición: | 1. izd. |
| Etiquetas: |
Sin Etiquetas, Sea el primero en etiquetar este registro!
|
MARC
| LEADER | 00000nam a2200000 4500 | ||
|---|---|---|---|
| 001 | c027526 | ||
| 005 | 20230223113400.0 | ||
| 041 | 0 | |a rus | |
| 044 | |a RU | ||
| 245 | 1 | 0 | |a Stochastičeskije differencial'nyje uravnenija i diffuzionnyje procesy |c Shinzo Watanabe ; [Z angl. prel.] G.N. Kinkladze |
| 250 | |a 1. izd. | ||
| 264 | 1 | |a Moskva |b Nauka |c 1986 | |
| 300 | |a 445 s. | ||
| 100 | 1 | |a Watanabe, Shinzo | |
| 700 | 1 | |a Kinkladze, G.N. | |